[Event "Kerteminde"]
[Site "Kerteminde"]
[Date "1991.??.??"]
[Round "3"]
[White "Hansen, Lars Bo"]
[Black "Schandorff, Lars"]
[Result "1/2-1/2"]
[WhiteElo "2525"]
[BlackElo "2425"]

1.Nf3 Nf6 2.c4 g6 3.d4 Bg7 4.g3 O-O 5.Bg2 d6 6.O-O Nbd7 7.Qc2 e5 8.Rd1 Re8
9.h3 c6 10.dxe5 dxe5 11.e4 Qe7 12.Nc3 h6 13.Rb1 Nc5 14.Re1 Nh5 15.Be3 Ne6
16.Rbd1 Ng5 17.Nxg5 hxg5 18.Qc1 g4 19.hxg4 Bxg4  1/2-1/2

[Event "Kerteminde"]
[Site "Kerteminde"]
[Date "1991.??.??"]
[Round "5"]
[White "Hansen, Lars Bo"]
[Black "Mortensen, Erling"]
[Result "1-0"]
[WhiteElo "2525"]
[BlackElo "2450"]

1.d4 Nf6 2.c4 g6 3.Nf3 Bg7 4.g3 O-O 5.Bg2 d6 6.O-O Nbd7 7.Qc2 e5 8.Rd1 Qe7
9.Nc3 c6 10.e4 exd4 11.Nxd4 Ne5 12.Qe2 a6 13.h3 c5 14.Nc2 Be6 15.b3 Nfd7
16.Bb2 b5 17.f4 bxc4 18.fxe5 Nxe5 19.Ne3 cxb3 20.Kh2 Rfb8 21.Ncd5 Bxd5 22.Nxd5 Qd8
23.a3 c4 24.Rac1 Rc8 25.Ne3 Qa5 26.Nxc4 Nxc4 27.Bxg7 Kxg7 28.Rxc4 Rxc4 29.Qxc4 Qxa3
30.e5 d5 31.Qxd5 Rb8 32.e6 f6 33.Qd7+ Kh6 34.e7  1-0

[Event "JUG-ch"]
[Site "Kladovo"]
[Date "1991.??.??"]
[Round "1"]
[White "Drasko, Milan"]
[Black "Vujadinovic, Goran"]
[Result "1-0"]
[WhiteElo "2500"]
[BlackElo "2360"]

1.d4 d6 2.Nf3 g6 3.g3 Bg7 4.Bg2 Nf6 5.c4 O-O 6.O-O c6 7.Nc3 a6 8.e4 Nfd7
9.Be3 b5 10.cxb5 axb5 11.Qd2 Nb6 12.b3 Ba6 13.Rfe1 N8d7 14.Bh6 Bxh6 15.Qxh6 e5
16.Ng5 Nf6 17.dxe5 dxe5 18.Nd1 Re8 19.Ne3 Nbd7 20.Red1 Qe7 21.a4 Nf8 22.Rac1 bxa4
23.bxa4 Be2 24.Re1 Ng4 25.Nxg4 Bxg4 26.Bf1 Qf6 27.Bc4 Re7 28.Qh4 Bd7 29.Re3 Be8
30.Rd1 Rb7 31.Rf3 Qg7 32.Rb3 Rd7 33.Rxd7 Nxd7 34.Rb7 h6 35.Nxf7 Bxf7 36.Rxd7 Rf8
37.Qe7  1-0

[Event "JUG-ch"]
[Site "Kladovo"]
[Date "1991.??.??"]
[Round "1"]
[White "Blagojevic, Dragisa"]
[Black "Organdziev, Oliver"]
[Result "1/2-1/2"]
[WhiteElo "2425"]
[BlackElo "2320"]

1.d4 Nf6 2.c4 g6 3.Nf3 Bg7 4.g3 O-O 5.Bg2 d6 6.Nc3 c5 7.O-O Nc6 8.dxc5 dxc5
9.Be3 Qa5 10.Bd2 Qd8 11.Qc1 Be6 12.b3 Qc8 13.Bh6 Bh3 14.Bxg7 Kxg7 15.Qe3 Bxg2
16.Kxg2 Qf5 17.Rfd1 Rad8 18.h3 h5 19.Nh4 Qe5 20.Qxe5 Nxe5 21.Nf3 Nc6 22.Ng5 Rxd1
23.Rxd1 Rd8 24.Rxd8 Nxd8 25.f4 Nc6 26.Kf3 b6 27.e3 e6 28.Ke2 Kf8 29.e4 e5
30.Ke3 Nd7 31.Nd5 Nd4 32.Nf3 f6 33.Nxd4 exd4+ 34.Kd3 Kf7 35.h4 a5 36.Kc2 Ke6
37.Kd2 Kd6 38.Ke2 Ke6 39.Nc7+ Kf7 40.Kd3 Ke7 41.a3 Kf7 42.Nd5 Ke6 43.b4 axb4
44.axb4 Kf7 45.b5 Ke6 46.Ke2 Kf7 47.Kf3 Ke6 48.g4 Kf7 49.g5 fxg5 50.hxg5 Ke6
51.Nc7+ Kd6 52.Nd5 Ke6 53.Kg3 Kf7 54.Kg2 Ke6 55.Nc7+ Kd6 56.Ne8+ Ke7 57.Nc7 Kd6
58.Nd5 Ke6 59.Kf3 Kf7 60.Nc7 Ke7 61.Kg3 Kd6 62.Nd5 Ke6 63.Kf3 Kf7 64.Kg3  1/2-1/2

[Event "JUG-ch"]
[Site "Kladovo"]
[Date "1991.??.??"]
[Round "1"]
[White "Jukic, Mirko"]
[Black "Zakic, Srdjan"]
[Result "0-1"]
[WhiteElo "2460"]
[BlackElo "2350"]

1.d4 Nf6 2.Nf3 g6 3.c4 Bg7 4.g3 O-O 5.Bg2 d6 6.O-O c6 7.Nc3 a6 8.e4 Nfd7
9.Qe2 b5 10.Rd1 bxc4 11.Qxc4 a5 12.Qe2 e6 13.Bg5 f6 14.Bf4 Nb6 15.h4 Qe7
16.e5 fxe5 17.dxe5 d5 18.Bg5 Qe8 19.h5 N8d7 20.hxg6 Qxg6 21.Bf4 Ba6 22.Qe1 Nc4
23.Rab1 Qh5 24.Ng5 Rae8 25.Bf3 Qg6 26.Be2 Ncxe5 27.Bxa6 Rxf4 28.Kf1 Rf5  0-1

[Event "JUG-ch"]
[Site "Kladovo"]
[Date "1991.??.??"]
[Round "4"]
[White "Panzalovic, Srdjan"]
[Black "Nicevski, Risto"]
[Result "1-0"]
[WhiteElo "2410"]
[BlackElo "2345"]

1.Nf3 g6 2.d4 Bg7 3.g3 Nf6 4.Bg2 O-O 5.c4 d6 6.O-O Nc6 7.d5 Na5 8.Nfd2 c5
9.Nc3 a6 10.Qc2 Rb8 11.b3 b5 12.Rb1 e5 13.cxb5 axb5 14.b4 cxb4 15.Rxb4 Bd7
16.Ba3 Ne8 17.Rfb1 Rc8 18.Bb2 Nc7 19.Qd1 f5 20.a4 bxa4 21.Rb6 e4 22.Nxa4 Nxd5
23.Bxg7 Nxb6 24.Nxb6 Kxg7 25.Nxc8 Qxc8 26.Nf1 Qc5 27.Ne3 Be6 28.Qd2 Nc4 29.Nxc4 Bxc4
30.Qc3+  1-0

[Event "JUG-ch"]
[Site "Kladovo"]
[Date "1991.??.??"]
[Round "5"]
[White "Cvitan, Ognjen"]
[Black "Sale, Srdjan"]
[Result "1-0"]
[WhiteElo "2535"]
[BlackElo "2365"]

1.d4 Nf6 2.c4 g6 3.Nf3 Bg7 4.g3 O-O 5.Bg2 d6 6.O-O c6 7.Nc3 Qa5 8.e4 e5 9.h3 Nbd7
10.Qc2 exd4 11.Nxd4 Nb6 12.b3 Bd7 13.Be3 Rfe8 14.Rad1 Rad8 15.Nde2 Be6 16.Rd2 Rd7
17.Rfd1 Red8 18.Nd4 Ne8 19.Nce2 Na8 20.f4 Re7 21.Bf2 Nac7 22.g4 Bc8 23.Nf3 Na6
24.Bh4 Nb4 25.Qb1 Bf6 26.Bf2 Rdd7 27.g5 Bg7 28.f5 gxf5 29.exf5 f6 30.h4 d5
31.Ng3 Nd6 32.Nh2 Ne4 33.Nxe4 dxe4 34.gxf6 Bxf6 35.Ng4 Bc3 36.Rxd7 Rxd7 37.Rxd7 Bxd7
38.Qxe4 h5 39.f6  1-0

[Event "JUG-ch"]
[Site "Kladovo"]
[Date "1991.??.??"]
[Round "6"]
[White "Pavlovic, Dragoljub"]
[Black "Organdziev, Oliver"]
[Result "1/2-1/2"]
[WhiteElo "2355"]
[BlackElo "2320"]

1.d4 Nf6 2.Nf3 g6 3.c4 Bg7 4.g3 O-O 5.Bg2 d6 6.O-O c5 7.Nc3 Nc6 8.d5 Na5
9.Nd2 a6 10.Qc2 Rb8 11.b3 b5 12.Rb1 e5 13.cxb5 axb5 14.b4 cxb4 15.Rxb4 Ba6
16.Qb1 Qc7 17.Bb2 Bh6 18.e3 Nc4 19.Nxc4 bxc4 20.Ba3 Nd7 21.Qc2 Nc5 22.Rxb8 Rxb8
23.Rb1 Rxb1+ 24.Qxb1 Bf8 25.Qb4 f5 26.Bf1 Nd3 27.Qa4 Qc8 28.Qc6 e4 29.Bxd3 cxd3
30.Qxc8 Bxc8 31.Kf1 Bg7 32.Bb4 Bb7 33.Ke1 Kf7 34.Kd2 Bxc3+ 35.Kxc3 Bxd5 36.a4 Ke7
37.a5 Bb7 38.Kd2 Kd7 39.Bc3 Kc6 40.Bd4 Kb5 41.Bb6 Kb4 42.Bc7 d5 43.Bb6 Ba6
44.h4 h6 45.Bc7  1/2-1/2

[Event "JUG-ch"]
[Site "Kladovo"]
[Date "1991.??.??"]
[Round "7"]
[White "Blagojevic, Dragisa"]
[Black "Zakic, Srdjan"]
[Result "1-0"]
[WhiteElo "2425"]
[BlackElo "2350"]

1.d4 Nf6 2.c4 g6 3.Nf3 Bg7 4.g3 O-O 5.Bg2 d6 6.Nc3 Nbd7 7.O-O a6 8.b3 c5
9.h3 Rb8 10.Be3 b5 11.dxc5 dxc5 12.Qd3 b4 13.Na4 Qc7 14.Rad1 Bb7 15.Nd2 Bxg2
16.Kxg2 Qc6+ 17.f3 Rbc8 18.Ne4 Nxe4 19.Qxe4 Qxe4 20.fxe4 Rfd8 21.Rd3 Ne5
22.Rdd1 Nd7 23.Rd2 Bc3 24.Rd5 Nf6 25.Rxd8+ Rxd8 26.Nxc5 h5 27.Kf3 Kg7 28.Na4 Be5
29.Rc1 Rc8 30.Rd1 e6 31.Bf4 Bxf4 32.gxf4 Rc7 33.e5 Nd7 34.Rd6 a5 35.e3 Nb8
36.Ke4 Nc6 37.Nc5 Nxe5 38.Nxe6+ fxe6 39.Kxe5 Kf7 40.Rxe6 Rd7 41.Rd6  1-0

[Event "JUG-ch"]
[Site "Kladovo"]
[Date "1991.??.??"]
[Round "8"]
[White "Arsovic, Goran"]
[Black "Ilic, Vidoje"]
[Result "1-0"]
[WhiteElo "2340"]
[BlackElo "2290"]

1.Nf3 Nf6 2.c4 d6 3.d4 g6 4.g3 Bg7 5.Bg2 O-O 6.O-O Nbd7 7.Nc3 e5 8.e4 exd4
9.Nxd4 Nc5 10.h3 Re8 11.Re1 Bd7 12.Rb1 a6 13.b4 Ne6 14.Nde2 Rb8 15.Be3 b5
16.cxb5 axb5 17.Qd2 Ra8 18.Rbc1 Rf8 19.Red1 Ra3 20.Rc2 Qa8 21.Qc1 Qa6 22.Qb1 Ne8
23.Bc1 c6 24.Rd3 f5 25.exf5 Rxf5 26.Bxa3 Qxa3 27.Rcd2 Qa7 28.Nd1 Rf7 29.h4 d5
30.a4 bxa4 31.Ra3 N6c7 32.Nec3 Nd6 33.Rxa4 Qb6 34.Qa2 Nc4 35.Re2 Bg4 36.Re1 Bd4
37.Bf1 Ne5 38.Kg2 Bf3+ 39.Kg1 Ng4 40.Qd2 Bxd1 41.Nxd1 Bxf2+ 42.Kg2 Bxe1 43.Qxe1 Qd4
44.Ra3 Kg7 45.Qc3 Qf6 46.Qxf6+ Kxf6 47.b5 cxb5 48.Rb3 d4 49.Bxb5 Nxb5 50.Rxb5 Ne5
51.Nf2 Rc7 52.Rd5 Rd7 53.Ng4+ Ke6 54.Rxe5+ Kd6 55.Ra5 Ke6 56.Kf3 h5 57.Nf2 Rf7+
58.Ke2 Rf5 59.Ra6+ Kf7 60.Ne4 Rd5  1-0

[Event "JUG-ch"]
[Site "Kladovo"]
[Date "1991.??.??"]
[Round "9"]
[White "Blagojevic, Dragisa"]
[Black "Brkovic, Zoran"]
[Result "0-1"]
[WhiteElo "2425"]
[BlackElo "2375"]

1.d4 Nf6 2.c4 g6 3.Nf3 Bg7 4.g3 O-O 5.Bg2 d6 6.Nc3 Nbd7 7.O-O e5 8.h3 Re8
9.e4 exd4 10.Nxd4 Nc5 11.Re1 Bd7 12.Rb1 h6 13.b4 Ne6 14.Nde2 Ng5 15.Nf4 Qc8
16.h4 Nh3+ 17.Nxh3 Bxh3 18.Nd5 Bxg2 19.Kxg2 Nxe4 20.Qd3 Qh3+ 21.Kxh3 Nxf2+
22.Kg2 Nxd3 23.Rd1 Nxc1 24.Rbxc1 Rac8 25.Kf3 Be5 26.h5 Kg7 27.Rd3 c6 28.Ne3 Re7
29.Rb1 Rd8 30.Rbb3 Re6 31.b5 Rf6+ 32.Kg2 gxh5 33.bxc6 bxc6 34.Rb7 Kh7 35.Nf1 Rg8
36.Rf3 Rxf3 37.Kxf3 Rg4 38.Rxf7+ Kg6 39.Rxa7 Rxc4 40.a4 Rc3+ 41.Ke2 Rc2+
42.Kd3 Rf2 43.Nd2 Rg2 44.Ne4 d5 45.Ra6 dxe4+ 46.Kxe4 Bf6 47.Rxc6 Rxg3 48.Kf4 Ra3
49.a5 h4 50.Rd6 h3  0-1

[Event "JUG-ch"]
[Site "Kladovo"]
[Date "1991.??.??"]
[Round "10"]
[White "Nikolic, Boban"]
[Black "Kosanski, Stanko"]
[Result "0-1"]
[WhiteElo "2285"]
[BlackElo "2385"]

1.Nf3 g6 2.d4 Bg7 3.g3 Nf6 4.Bg2 O-O 5.c4 d6 6.O-O c6 7.Nc3 Bf5 8.b3 Ne4
9.Bb2 Nxc3 10.Bxc3 Be4 11.Qd2 Nd7 12.Rac1 Nf6 13.Qf4 a5 14.Nd2 Bxg2 15.Kxg2 a4
16.b4 d5 17.e4 e6 18.b5 Re8 19.e5 Nd7 20.bxc6 bxc6 21.c5 Qc8 22.Qe3 f6 23.exf6 Nxf6
24.f4 Ng4 25.Qd3 a3 26.h3 Nf6 27.Rb1 Qd7 28.Rb4 Rf8 29.Re1 Rfb8 30.Reb1 Rxb4
31.Rxb4 Ne8 32.Nf3 Nc7 33.Bd2 Nb5 34.Qe2 Bf6 35.Qd3 Qg7 36.Be3 Qf7 37.g4 Ra6
38.Kg3 Qa7 39.Qc2 Qc7 40.Kg2 Ra8 41.Qd2 Qc8 42.Qe1 Bd8 43.Bd2 Ba5 44.Ra4 Bxd2
45.Rxa8 Qxa8 46.Qxe6+ Kf8 47.Ng5 Qa7 48.Qf6+ Ke8 49.Qe6+ Kd8 50.Nf7+ Kc7
51.Qe7+ Kb8 52.Qe8+ Kb7 53.Nd8+ Ka6 54.Qxc6+ Ka5 55.Nb7+ Kb4 56.Qxd5 Qa4
57.c6 Qc2 58.Qc5+ Qxc5 59.Nxc5 Kc4 60.Ne6 Ba5 61.f5 gxf5 62.gxf5 Kd5 63.Ng5 h6
64.Nf3 Kxc6 65.f6 Kd6 66.Ne5 Ke6 67.f7 Bb4  0-1

[Event "JUG-ch"]
[Site "Kladovo"]
[Date "1991.??.??"]
[Round "11"]
[White "Jukic, Mirko"]
[Black "Ristic, Nebojsa"]
[Result "1/2-1/2"]
[WhiteElo "2460"]
[BlackElo "2410"]

1.d4 Nf6 2.Nf3 g6 3.c4 Bg7 4.g3 O-O 5.Bg2 d6 6.O-O Nbd7 7.Nc3 e5 8.e4 exd4
9.Nxd4 Nc5 10.h3 Re8 11.Re1 Bd7 12.Bf4 Ne6 13.Be3 Nxd4 14.Bxd4 Be6 15.Nd5 c6
16.Ne3 Qc7 17.Rc1 Rad8 18.Rc2 Bc8 19.Qd3 Qa5 20.Rce2 Nd7 21.Bxg7 Kxg7 22.Qd4+ f6
23.b3 Ne5 24.Qa1 Nf7 25.f4 Re7 26.Kh2 h5 27.Bf3 Rde8 28.a3 Qb6 29.Qc3 Qc7
30.Nd1 h4 31.Bg4 Bxg4 32.hxg4 hxg3+ 33.Qxg3 d5 34.Nf2 g5 35.fxg5 Qxg3+ 36.Kxg3 Nxg5
37.cxd5 cxd5 38.Kf4 Kg6 39.Re3 Ne6+ 40.Kg3 Ng5 41.Kf4 Ne6+ 42.Kg3 Nc5 43.Kf4 d4
44.Rg3 a5 45.b4 Ne6+ 46.Kf3 a4 47.Nh3 d3 48.Kf2 d2 49.Rd1 Rd7 50.Rc3 Rh8
51.Ng1 Ng5 52.Re3 Re8 53.e5 fxe5 54.Ke2 Rh8 55.Rxe5 Rh2+ 56.Ke3 Rh1 57.Ke2 Rh2+
58.Ke3 Rh1 59.Ke2 Rh2+  1/2-1/2

[Event "JUG-ch"]
[Site "Kladovo"]
[Date "1991.??.??"]
[Round "13"]
[White "Jukic, Mirko"]
[Black "Brkovic, Zoran"]
[Result "1/2-1/2"]
[WhiteElo "2460"]
[BlackElo "2375"]

1.d4 Nf6 2.Nf3 g6 3.c4 Bg7 4.g3 O-O 5.Bg2 d6 6.O-O Nbd7 7.Nc3 e5 8.e4 exd4
9.Nxd4 Nc5 10.h3 Re8 11.Re1 Bd7 12.Kh2 h6 13.f4 a5 14.Rb1 a4 15.b4 axb3 16.axb3 h5
17.Bb2  1/2-1/2

[Event "Kobanya op"]
[Site "Kobanya"]
[Date "1991.??.??"]
[Round "2"]
[White "Fokin, Sergey"]
[Black "Borsavolgyi, Tamas"]
[Result "1-0"]
[WhiteElo "2320"]
[BlackElo "2225"]

1.Nf3 g6 2.c4 Bg7 3.d4 Nf6 4.g3 O-O 5.Bg2 d6 6.O-O Nbd7 7.Nc3 e5 8.h3 c6
9.e4 Qb6 10.b3 exd4 11.Na4 Qa5 12.Nxd4 Nc5 13.Bd2 Qd8 14.Nxc5 dxc5 15.Nc2 Re8
16.Re1 Nd7 17.Rb1 Nf8 18.Ne3 Ne6 19.Kh2 Ng5 20.Nf1 h5 21.h4 Ne6 22.Bh3 Nd4
23.Bxc8 Rxc8 24.Bc3 Be5 25.Kg2 Rc7 26.Bxd4 Bxd4 27.Qc2 Rd7 28.Re2 Qf6 29.f4 Qe6
30.Rbe1 Red8 31.Rd1 b5 32.Nh2 b4 33.Nf3 Qg4 34.Nh2 Qe6 35.Nf3 Qg4 36.e5 Qf5
37.Ng5 Qxc2 38.Rxc2 Re7 39.Ne4 Kg7 40.Nxc5 f6 41.e6 Bxc5 42.Rxd8 Rxe6 43.Rcd2 f5
44.Kf1 Kf6 45.Re2 Be3 46.Rb8 Bb6 47.Rxe6+ Kxe6 48.c5 Bxc5 49.Rg8 Bd4 50.Rxg6+ Bf6
51.Rh6 a5 52.Ke2  1-0

[Event "Krasnodar"]
[Site "Krasnodar"]
[Date "1991.??.??"]
[Round "?"]
[White "Zhukhovitsky, Samuel"]
[Black "Yuferov, Sergey  N"]
[Result "0-1"]
[WhiteElo "2460"]
[BlackElo "2395"]

1.d4 Nf6 2.c4 g6 3.Nf3 Bg7 4.g3 O-O 5.Bg2 d6 6.Nc3 c6 7.O-O Qa5 8.h3 Be6
9.d5 cxd5 10.Nd4 dxc4 11.Nxe6 fxe6 12.Bxb7 Nbd7 13.Bxa8 Rxa8 14.Bd2 Rb8 15.Qc2 Qf5
16.Qxf5 gxf5 17.Rab1 d5 18.b3 d4 19.bxc4 dxc3 20.Rxb8+ Nxb8 21.Bxc3 Nc6 22.Rb1 e5
23.Rb7 Ne8 24.Rb5 Nd6 25.Rc5 Nd8 26.Rc7 Kf7 27.a4 a6 28.Bb4 Ke6 29.c5 Ne8
30.Ra7 Nc6 31.Rxa6 Kd5 32.Rb6 Nc7 33.Ba3 e4 34.e3 Bc3 35.Kf1 Ba5 36.Rb1 Kc4
37.Ke2 Nd5 38.Kf1 Nc3 39.Rb7 Nxa4 40.Kg2 Nc3 41.g4 fxg4 42.hxg4 Nb5 43.Bb2 Bc7
44.f3 Nd8 45.Rxc7 Nxc7 46.fxe4 Nce6  0-1

[Event "Krumbach op"]
[Site "Krumbach"]
[Date "1991.??.??"]
[Round "4"]
[White "Dautov, Rustem"]
[Black "Brendel, Oliver"]
[Result "1-0"]
[WhiteElo "2570"]
[BlackElo "2325"]

1.d4 Nf6 2.c4 g6 3.Nf3 Bg7 4.g3 O-O 5.Bg2 d6 6.O-O Nbd7 7.Nc3 e5 8.e4 exd4
9.Nxd4 Re8 10.h3 Nc5 11.Re1 Bd7 12.Nb3 Na4 13.Nxa4 Bxa4 14.Bd2 Nd7 15.Qc2 Be5
16.Be3 Qf6 17.Rab1 c5 18.Qd2 Qe6 19.Qd3 b5 20.Na5 Nb6 21.cxb5 c4 22.Qd2 Bxb5
23.f4 Bg7 24.Bd4 f6 25.Rbd1 Rad8 26.Qb4 Qd7 27.Bxb6 axb6 28.Nxc4 Bxc4 29.Qxc4+ Kh8
30.Qd5 Qa4 31.Rc1 Qb4 32.b3 f5 33.Kh2 fxe4 34.Rxe4 Rxe4 35.Bxe4 Qd4 36.Qxd4 Bxd4
37.Bd5 Re8 38.Rc2 Bc5 39.Kg2 Kg7 40.a4 Re3 41.Bc4 Kf6 42.g4 g5 43.f5 Ke5
44.Be6 d5 45.a5 d4 46.b4 d3 47.Rf2 Bxb4 48.axb6 Kf6 49.b7 Bd6 50.Rb2 Rg3+
51.Kf2 Bb8 52.Rb5 Rxh3 53.Rd5 Rh2+ 54.Kf3 d2 55.Rd8 Bf4 56.Bc4 Ke7 57.Rd5 Rh3+
58.Kg2 Rc3 59.Bb5 Rb3 60.Rd7+ Ke8 61.Bc6 Kf8 62.Bf3 Ke8 63.Bc6 Kf8 64.Ba4 Rb4
65.Bd1 Rb1 66.Bf3 Ke8 67.Rxh7 Be5 68.Be2 Kd8 69.Kf3 Bc7 70.f6 Rxb7 71.Rh8+ Kd7
72.f7 Bd6 73.Ke3 Ke6 74.f8=Q Bxf8 75.Rxf8 Rd7 76.Bd1 Rd5 77.Rf2  1-0

[Event "Las Palmas op"]
[Site "Las Palmas"]
[Date "1991.??.??"]
[Round "9"]
[White "Danailov, Silvio"]
[Black "Lezcano Montalvo, Pedro"]
[Result "1-0"]
[WhiteElo "2475"]
[BlackElo "2250"]

1.Nf3 Nf6 2.c4 d6 3.d4 g6 4.g3 Bg7 5.Bg2 O-O 6.O-O c5 7.b3 Nc6 8.Bb2 cxd4
9.Nxd4 Bd7 10.Nc3 Qa5 11.e3 Rfc8 12.h3 Rab8 13.Re1 a6 14.a4 Qd8 15.Nce2 Na5
16.Nc1 Be8 17.e4 e5 18.Nde2 b5 19.axb5 axb5 20.c5 Rc6 21.Nd3 dxc5 22.Bxe5 Rbc8
23.Bxf6 Bxf6 24.e5 Be7 25.Bxc6 Bxc6 26.Ndc1 Qc7 27.Nf4 Rd8 28.Qe2 c4 29.bxc4 Nxc4
30.Nb3 g5 31.Nh5 Qd7 32.e6 Qd5 33.exf7+ Kh8 34.f3 Rf8 35.Qxe7 Rxf7 36.Ra8+  1-0

[Event "Lenk op"]
[Site "Lenk"]
[Date "1991.??.??"]
[Round "3"]
[White "Neckar, Lubomir"]
[Black "Weindl, Alfred"]
[Result "1/2-1/2"]
[WhiteElo "2355"]
[BlackElo "2360"]

1.Nf3 Nf6 2.c4 g6 3.g3 Bg7 4.Bg2 d6 5.d4 O-O 6.Nc3 Nbd7 7.O-O e5 8.h3 Re8
9.e4 exd4 10.Nxd4 Nc5 11.Re1 a5 12.Rb1 Bd7 13.Bf4 a4 14.Qd2 Ne6 15.Be3 Nxd4
16.Bxd4 Be6 17.Nd5 Nxd5 18.cxd5 Bxd4 19.Qxd4 c5 20.Qc3 Bd7 21.e5 Qc7 22.e6 fxe6
23.dxe6 Bc6 24.Bxc6 bxc6 25.h4 Qg7 26.Qf3  1/2-1/2

[Event "Lenk"]
[Site "Lenk"]
[Date "1991.??.??"]
[Round "5"]
[White "Ilic, Zoran"]
[Black "Hug, Marcel"]
[Result "1/2-1/2"]
[WhiteElo "2395"]
[BlackElo "2250"]

1.d4 Nf6 2.Nf3 g6 3.c4 Bg7 4.g3 O-O 5.Bg2 d6 6.O-O c6 7.Nc3 Bf5 8.Nh4 Be6
9.Qd3 Qd7 10.e4 Bh3 11.Nf3 Bxg2 12.Kxg2 d5 13.Re1 dxc4 14.Qxc4 e6 15.b3 Na6
16.a4 Rfc8 17.Bb2 c5 18.d5 Ne8 19.Rad1 exd5 20.Rxd5 Qe7 21.e5 Nec7 22.Rd2 Qe6
23.Red1 Qxc4 24.bxc4 Ne6 25.Rd7 Nac7 26.Ne4 b6 27.Nd6 Rf8 28.Ng5 Nxg5 29.Rxc7 Ne6
30.Re7 a6 31.Nxf7 Rxf7 32.Rxe6 Rb8 33.Rc6 b5 34.axb5 axb5 35.e6 Re7 36.Bxg7 Kxg7
37.Rxc5 bxc4 38.Rxc4 Rb6 39.Rc8 Rbxe6 40.Rdd8 h5 41.Rg8+ Kf6 42.Rcf8+ Rf7
43.Rc8 Rg7 44.Rgd8 Ra6 45.Rd4 Re7 46.Rg8 Kf7 47.Rdd8 Kf6 48.h3 Rae6 49.Ra8 Kg5
50.Rh8 Kf6 51.g4 hxg4 52.hxg4 Re1 53.Rhg8 Kg5 54.Ra6 R7e6 55.Rxe6 Rxe6 56.Kg3 Rb6
57.f4+ Kf6 58.Rf8+ Kg7 59.Rd8 Rb7 60.Kh4 Ra7 61.Kg5 Ra5+ 62.f5 gxf5 63.Rd7+ Kf8
64.gxf5 Ra6  1/2-1/2

[Event "Lenk op"]
[Site "Lenk"]
[Date "1991.??.??"]
[Round "7"]
[White "Csom, Istvan"]
[Black "Zueger, Beat"]
[Result "1/2-1/2"]
[WhiteElo "2480"]
[BlackElo "2425"]

1.c4 g6 2.Nf3 Bg7 3.d4 Nf6 4.g3 O-O 5.Bg2 d6 6.Nc3 a6 7.O-O c6 8.e4 Bg4 9.h3 Bxf3
10.Bxf3 Nfd7 11.Bg5 c5 12.dxc5 dxc5 13.Bg4 h5 14.Bxd7 Bxc3 15.bxc3 Nxd7 16.Rb1 b6
17.Qa4 Qc8 18.Kg2 Qb7 19.f3 Ne5 20.Qb3 Rab8 21.Bf4 Qc7 22.Rfd1 f6 23.h4 Rfd8
24.Qa4 Rxd1 25.Rxd1 Rd8 26.Rd5 e6 27.Bxe5 fxe5 28.Rd1 Rxd1 29.Qxd1 Kg7 30.a4 a5
31.Kf2 Qe7 32.Qd2 Qc7 33.Ke2 Qe7 34.Ke1 Qc7 35.Qg5 Qd6 36.Ke2 Qc7 37.Qd2 Qe7
38.Kf1 Qc7 39.Kg2 Qe7 40.Kf2 Qc7 41.Kf1 Qe7 42.Ke1 Qc7 43.Kf2 Qe7 44.Kf1 Qc7
45.Kg1 Qc6 46.Qd1 Kf7 47.Kg2 Ke8 48.Kh3 Qd7 49.Qc2 Qf7 50.Kg2 Qd7 51.g4 Kf7
52.Kf2 Qd8 53.Kg3 g5 54.gxh5 gxh4+ 55.Kg4 Qg8+ 56.Kxh4 Qd8+ 57.Kg4 Qg8+ 58.Kh4  1/2-1/2

[Event "Lippstadt"]
[Site "Lippstadt"]
[Date "1991.??.??"]
[Round "3"]
[White "Dautov, Rustem"]
[Black "Gruenberg, Hans Ulrich"]
[Result "0-1"]
[WhiteElo "2570"]
[BlackElo "2485"]

1.d4 Nf6 2.c4 g6 3.Nf3 Bg7 4.g3 O-O 5.Bg2 d6 6.O-O Nbd7 7.Nc3 e5 8.e4 c6
9.h3 Qb6 10.Re1 exd4 11.Nxd4 Ne8 12.Nf3 Ne5 13.Nxe5 dxe5 14.Qa4 a5 15.a3 Nc7
16.Be3 Qa6 17.Bf1 Rd8 18.Rad1 Bd7 19.c5 Qa7 20.Bg5 f6 21.Be3 Kh8 22.Rd2 Be6
23.Rd6 Re8 24.Kh2 Bg8 25.Bc4 Ne6 26.Qd1 a4 27.Rd7 Nf8 28.Bxg8 Nxd7 29.Bxh7 Kxh7
30.Qxd7 Qb8 31.h4 Qc8 32.Qd1 Rd8 33.Qc2 Qd7 34.Nxa4 Qd3 35.Qxd3 Rxd3 36.Nb6 Rad8
37.Nc4 Bf8 38.Rc1 Bh6 39.Bxh6 Kxh6 40.Kg2 R8d4 41.f3 f5 42.exf5 gxf5 43.Nxe5 Rd2+
44.Kh3 Rxb2 45.g4 Re2 46.Rc4 Rdd2 47.Nf7+ Kg6 48.Nd6 f4 49.h5+ Kh6 50.Nf7+ Kg7
51.g5 Kxf7 52.Rxf4+ Kg7 53.Rb4 Rb2 54.Rd4 Red2 55.Re4 Re2 56.Rd4 Rbd2 57.Rb4 Rh2+
58.Kg4 Rhg2+ 59.Kf4 Rd7 60.g6 Kf6  0-1

[Event "POR-ch"]
[Site "Lisboa"]
[Date "1991.??.??"]
[Round "5"]
[White "Camejo, Rui"]
[Black "Ferreira, A."]
[Result "1-0"]
[WhiteElo "2280"]
[BlackElo "2135"]

1.d4 Nf6 2.c4 g6 3.Nf3 Bg7 4.g3 O-O 5.Bg2 d6 6.Nc3 Nc6 7.O-O a6 8.d5 Na5
9.Nd2 c5 10.Rb1 Rb8 11.Qc2 b5 12.cxb5 axb5 13.b4 cxb4 14.Rxb4 Qc7 15.Qd3 Nd7
16.Nxb5 Qc5 17.Qb1 Bc3 18.Nxc3 Rxb4 19.Qa1 Qd4 20.Nf3 Qg7 21.Be3 Ba6 22.a3 Rc4
23.Na2 Qxa1 24.Rxa1 Rb8 25.Nb4 Bb5 26.Nd4 Ba4 27.Ndc6 Nxc6 28.dxc6 Ne5 29.c7 Rxc7
30.Na6 Rcc8 31.Nxb8 Rxb8 32.Rc1 Kg7 33.Bd4 f6 34.f4 Nf7 35.Rc7 e5 36.Bc3 Rb1+
37.Kf2 Be8 38.Bb4 Rd1 39.Bc6 Bxc6 40.Rxc6 d5 41.Be7 e4 42.Bxf6+ Kh6 43.Rc7 Nd6
44.Bg5+  1-0

[Event "ESP-ch"]
[Site "Lleida"]
[Date "1991.??.??"]
[Round "2"]
[White "Gaya Yodra, Juan"]
[Black "Bernal Moro, Luis Javier"]
[Result "0-1"]
[WhiteElo "2200"]
[BlackElo "2395"]

1.Nf3 Nf6 2.c4 g6 3.g3 Bg7 4.Bg2 d6 5.d4 O-O 6.O-O Nbd7 7.Nc3 e5 8.e4 c6
9.b3 Re8 10.Bb2 exd4 11.Nxd4 Nc5 12.Qc2 Qb6 13.Rad1 Bg4 14.f3 Bd7 15.Kh1 Rad8
16.Rd2 a5 17.Rfd1 Bc8 18.Nde2 Qc7 19.Nf4 Qe7 20.Ba3 b6 21.Nd3 Nfd7 22.Nb2 Nf8
23.Nba4 Qc7 24.Bb2 h5 25.a3 h4 26.b4 axb4 27.axb4 Nxa4 28.Nxa4 Be5 29.c5 bxc5
30.bxc5 hxg3 31.Bxe5 dxe5 32.hxg3 Ne6 33.Nb6 Nd4 34.Qc3 Kg7 35.Ra1 Nb5 36.Qb2 Rxd2
37.Qxd2 Rd8 38.Qb2 Qe7 39.Rc1 Nd4 40.Kg1 Qg5 41.Ra1 Nxf3+ 42.Bxf3 Rd2 43.Qxd2 Qxd2
44.Rd1 Qe3+ 45.Kg2 Bh3+ 46.Kxh3 Qxf3  0-1

[Event "ESP-ch"]
[Site "Lleida"]
[Date "1991.??.??"]
[Round "4"]
[White "Cacho Reigadas, Sergio"]
[Black "Garcia, Alb"]
[Result "0-1"]
[WhiteElo "2200"]
[BlackElo "2335"]

1.d4 Nf6 2.c4 g6 3.g3 Bg7 4.Bg2 O-O 5.Nf3 d6 6.O-O Nbd7 7.Nc3 a6 8.e4 c5
9.h3 cxd4 10.Nxd4 Nc5 11.Be3 Bd7 12.Qe2 Na4 13.Nxa4 Bxa4 14.Rac1 Rc8 15.b4 Bd7
16.Rfd1 Rc7 17.Nb3 Qc8 18.Bb6 Rc6 19.c5 Bxh3 20.Nd4 Bxg2 21.Kxg2 d5 22.Nxc6 Qxc6
23.exd5 Nxd5 24.Qf3 e6 25.Kg1 h5 26.Ba5 Bf6 27.a4 Kg7 28.Qb3 h4 29.b5 axb5
30.axb5 Qc8 31.c6 Rh8 32.Qf3 hxg3 33.fxg3 Qa8 34.Be1 bxc6 35.Rxc6 Rh5 36.g4 Re5
37.Bg3 Re3 38.Qf2 Qa3 39.Bd6 Qa4 40.Rcc1 Qxg4+ 41.Qg2 Qxg2+ 42.Kxg2 Rb3 43.Rb1 Rxb5
44.Rxb5 Ne3+ 45.Kf3 Nxd1 46.Be5 Nc3 47.Bxf6+ Kxf6 48.Rb7 Nd5 49.Ke4 g5 50.Rb8 Ne7
51.Rb1 Nf5 52.Rg1 Kg6 53.Ke5 Ng7 54.Rf1 Nh5 55.Kd6 Nf4 56.Ke7 f6 57.Ra1 g4
58.Ra8 Kf5 59.Rg8 e5 60.Kf7 Nh3 61.Ra8 g3 62.Ra2 Nf4 63.Ra1 g2  0-1

[Event "ESP-ch"]
[Site "Lleida"]
[Date "1991.??.??"]
[Round "5"]
[White "Gomez Esteban, Juan Mario"]
[Black "Bellon Lopez, Juan Manuel"]
[Result "1-0"]
[WhiteElo "2395"]
[BlackElo "2510"]

1.d4 Nf6 2.Nf3 g6 3.c4 Bg7 4.g3 O-O 5.Bg2 d6 6.O-O Nbd7 7.Nc3 e5 8.e4 exd4
9.Nxd4 Re8 10.h3 a6 11.Re1 Rb8 12.f4 c5 13.Nc2 Nb6 14.Qd3 Bd7 15.b3 Nc8 16.a4 b5
17.axb5 axb5 18.cxb5 Be6 19.Ra3 Nb6 20.Ne3 Qc8 21.Kh2 c4 22.bxc4 Nxc4 23.Nxc4 Qxc4
24.Qxc4 Bxc4 25.Be3 Nd7 26.Rd1 Bf8 27.Ra7 Nc5 28.Bxc5 dxc5 29.e5 Re7 30.Rxe7 Bxe7
31.Bd5 Bxd5 32.Nxd5 Bd8 33.Rb1 Kf8 34.Kg2 Ke8 35.Kf3 Kd7 36.Ke4 Ra8 37.Nf6+ Bxf6
38.exf6 Kc7 39.b6+ Kb7 40.Kd5 Ra3 41.Kxc5 Rc3+ 42.Kd6 Re3 43.Kd7 Re6 44.Rb5 h6
45.h4 Re3 46.g4 Re4 47.g5 Rxf4 48.Ke7  1-0

[Event "URS-ch (Women)"]
[Site "Lvov"]
[Date "1991.??.??"]
[Round "?"]
[White "Matveeva, Svetlana"]
[Black "Umanskaya, Irina"]
[Result "1-0"]
[WhiteElo "2325"]
[BlackElo "2235"]

1.d4 Nf6 2.c4 g6 3.Nf3 Bg7 4.g3 O-O 5.Bg2 d6 6.Nc3 Nbd7 7.O-O e5 8.e4 c6
9.b3 exd4 10.Nxd4 Nc5 11.h3 Re8 12.Re1 a5 13.Rb1 Nfd7 14.Be3 Ne5 15.Qc2 Qe7
16.Rbd1 Qc7 17.f4 Ned7 18.Bf2 Qb6 19.Rb1 Qc7 20.a3 Nb6 21.Red1 Bd7 22.Nde2 Be6
23.Nd4 Bd7 24.b4 axb4 25.axb4 Ne6 26.Qd3 Na4 27.Nxa4 Rxa4 28.Nc2 Bc8 29.Qxd6 Qxd6
30.Rxd6 Ra2 31.Ne1 Nc7 32.e5 Bf8 33.Rdd1 Bf5 34.Rb3 Na6 35.b5 Nc5 36.Rc3 Ne4
37.Bxe4 Bxe4 38.g4 Bb4 39.Re3 Bc5 40.Rxe4 Bxf2+ 41.Kf1 Bxe1 42.Kxe1 cxb5
43.cxb5 Rb2 44.Rd5 Rc8 45.Re2 Rb1+ 46.Kf2 Rc4 47.Rd8+ Kg7 48.Rd7 Rxf4+ 49.Kg3 Rff1
50.e6 Rg1+ 51.Kf4 Rgf1+ 52.Ke5 Kf8 53.e7+ Ke8 54.Rxb7 Rf3 55.Ra2 Re1+ 56.Kd4 Rf4+
57.Kd5  1-0

[Event "Wch U20"]
[Site "Mamaia"]
[Date "1991.??.??"]
[Round "?"]
[White "Jirovsky, Milos"]
[Black "Stefansson, Hannes"]
[Result "1/2-1/2"]
[WhiteElo "2310"]
[BlackElo "2470"]

1.Nf3 Nf6 2.c4 g6 3.g3 Bg7 4.Bg2 d6 5.d4 O-O 6.O-O Nbd7 7.Qc2 c5 8.Nc3 a6
9.Rd1 Qc7 10.d5 Nb6 11.Nd2 e6 12.a4 Bd7 13.e4 exd5 14.cxd5 Rae8 15.a5 Nc8
16.Nc4 Bb5 17.Na3 Bd7 18.Nc4 Ng4 19.h3 Ne5 20.Nxe5 Rxe5 21.Bf4 Re7 22.Qd2 Na7
23.Bh6 Bxh6 24.Qxh6 Nb5 25.Nxb5 Bxb5 26.Qd2 b6 27.axb6 Qxb6 28.Qc3 Qd8  1/2-1/2